LEADER 00857nam0 2200289 450 001 000020884 005 20081223105241.0 010 $a88-15-00214-6 100 $a20081223d1983----km-y0itay50------ba 101 1 $aita$ceng 102 $aIT 105 $ay-------001yy 200 1 $a<>mobilità sociale$fAnthony Heat 210 $aBologna$cIl Mulino$d1983 215 $a290 p.$d22 cm 225 2 $a<>nuova scienza$iSerie di sociologia 410 0$12001$a<>nuova scienza 500 10$aSocial mobility$m$924255 610 1 $aMobilità sociale 610 1 $aClassi sociali$aMobilità 676 $a301.44$9Gruppi sociali 700 1$aHeath,$bAnthony$0125350 801 0$aIT$bUNIPARTHENOPE$c20081223$gRICA$2UNIMARC 912 $a000020884 951 $a032/74$b4539$cNAVA2 996 $aSocial mobility$924255 997 $aUNIPARTHENOPE LEADER 01022nam0-22003131i-450- 001 990005284870403321 005 20061220122718.0 010 $a90-04-04813-8 035 $a000528487 035 $aFED01000528487 035 $a(Aleph)000528487FED01 035 $a000528487 100 $a19990604d1977----km-y0itay50------ba 101 0 $ager 105 $ay-------001yy 200 1 $a<>Psalmen Salomos$eEin Zeugnis Jerusalemer Theologie und Frömmigkeit in der Mitte des vorchristlichen Jahrhunderts$fvon Joachim Schnpphaus 210 $aLeiden$cE.J. Brill$dc.1977 215 $aXII, 163 p.$d25 cm 225 1 $aArbeiten zur Literatur und Geschichte des hellenistischen Judentums$v7 610 0 $aEbrei$aStoria$aEtà ellenistica 676 $a909.04$v21$zita 700 1$aSchüppaus,$bJoachim$0397304 801 0$aIT$bUNINA$gRICA$2UNIMARC 901 $aBK 912 $a990005284870403321 952 $a909.04 LGHJ 7$bST REL. 1561$fFLFBC 959 $aFLFBC 996 $aPsalmen Salomos$9537962 997 $aUNINA LEADER 00860nam0-22003131i-450- 001 990003248940403321 005 20100402131429.0 035 $a000324894 035 $aFED01000324894 035 $a(Aleph)000324894FED01 035 $a000324894 100 $a20030910d1930----km-y0itay50------ba 101 0 $aita 105 $ay-------001yy 200 1 $aGEOGRAFIA MODERNA 205 $a23 210 $aBergamo$cIstituto italiano d'arti gra fiche$d1930 215 $app.129+...+97 610 0 $aGeografia Regionale, Mondiale 676 $a043.100 700 1$aRoggero,$bGiuseppe$f<1842-1904>$0392456 801 0$aIT$bUNINA$gRICA$2UNIMARC 901 $aBK 912 $a990003248940403321 952 $a043.100.ROG.01$b11788/a$fDECGE 952 $a043.100.ROG.02$b11788/c$fDECGE 959 $aDECGE 996 $aGEOGRAFIA MODERNA$9450128 997 $aUNINA LEADER 04411nam 2201045 a 450 001 9910780082803321 005 20230801232435.0 010 $a1-282-35790-5 010 $a9786612357909 010 $a0-520-24216-5 010 $a0-520-93805-4 010 $a1-59734-614-4 024 7 $a10.1525/9780520938052 035 $a(CKB)111056485640952 035 $a(EBL)224414 035 $a(OCoLC)475931157 035 $a(SSID)ssj0000153547 035 $a(PQKBManifestationID)11147436 035 $a(PQKBTitleCode)TC0000153547 035 $a(PQKBWorkID)10393466 035 $a(PQKB)10612014 035 $a(StDuBDS)EDZ0000056134 035 $a(MiAaPQ)EBC224414 035 $a(OCoLC)49570114 035 $a(MdBmJHUP)muse31037 035 $a(DE-B1597)520783 035 $a(DE-B1597)9780520938052 035 $a(Au-PeEL)EBL224414 035 $a(CaPaEBR)ebr10051555 035 $a(CaONFJC)MIL235790 035 $a(EXLCZ)99111056485640952 100 $a19991215d2001 uy 0 101 0 $aeng 135 $aurnn#---|u||u 181 $ctxt$2rdacontent 182 $cc$2rdamedia 183 $acr$2rdacarrier 200 10$aFascist modernities $eItaly, 1922-1945 /$fRuth Ben-Ghiat 210 $aBerkeley $cUniversity of California Press$dc2001 215 $a1 online resource (x, 317 pages) 225 1 $aStudies on the history of society and culture ;$v42 311 0 $a0-520-22363-2 320 $aIncludes bibliographical references (p. 277-304) and index. 327 $tFront matter --$tContents --$tList of Illustrations --$tAcknowledgments --$tIntroduction --$t1. Toward a Fascist Culture --$t2. Narrating the Nation --$t3. Envisioning Modernity --$t4. Class Dismissed --$t5. Conquest and Collaboration --$t6. The Wars of Fascism --$tEpilogue --$tNotes --$tBibliography --$tIndex 330 $aRuth Ben-Ghiat's innovative cultural history of Mussolini's dictatorship is a provocative discussion of the meanings of modernity in interwar Italy. Eloquent, pathbreaking, and deft in its use of a broad range of materials, this work argues that fascism appealed to many Italian intellectuals as a new model of modernity that would resolve the contemporary European crisis as well as long-standing problems of the national past. Ben-Ghiat shows that-at a time of fears over the erosion of national and social identities-Mussolini presented fascism as a movement that would allow economic development without harm to social boundaries and national traditions. She demonstrates that although the regime largely failed in its attempts to remake Italians as paragons of a distinctly fascist model of mass society, twenty years of fascism did alter the landscape of Italian cultural life. Among younger intellectuals in particular, the dictatorship left a legacy of practices and attitudes that often continued under different political rubrics after 1945. 410 0$aStudies on the history of society and culture ;$v42. 606 $aFascism and culture$zItaly$xHistory 606 $aFascism$zItaly$xHistory 607 $aItaly$xPolitics and government$y1922-1945 607 $aItaly$xIntellectual life$y20th century 610 $a20th century. 610 $acultural history. 610 $adictatorship. 610 $aeconomic development. 610 $aeurope. 610 $aeuropean history. 610 $afascism. 610 $afascists. 610 $ahistorical. 610 $ahistory of culture. 610 $ahistory of society. 610 $ahistory students. 610 $ahuman condition. 610 $ainterwar history. 610 $aitalian cinema. 610 $aitalian culture. 610 $aitaly. 610 $alegacy of fascism. 610 $amodel of modern world. 610 $amodern historians. 610 $amodern history. 610 $amodernity. 610 $amussolini. 610 $anational identity. 610 $anational traditions. 610 $arevolution. 610 $asocial boundaries. 610 $asocial movements. 610 $asocial status. 615 0$aFascism and culture$xHistory. 615 0$aFascism$xHistory. 676 $a945.091 700 $aBen-Ghiat$b Ruth$0167217 801 0$bMiAaPQ 801 1$bMiAaPQ 801 2$bMiAaPQ 906 $aBOOK 912 $a9910780082803321 996 $aFascist modernities$91232642 997 $aUNINA LEADER 05569nam 2200733Ia 450 001 9910785098703321 005 20230721031009.0 010 $a1-281-91865-2 010 $a9786611918651 010 $a981-270-891-X 035 $a(CKB)1000000000408355 035 $a(EBL)1193435 035 $a(SSID)ssj0000288126 035 $a(PQKBManifestationID)11248423 035 $a(PQKBTitleCode)TC0000288126 035 $a(PQKBWorkID)10372428 035 $a(PQKB)11744590 035 $a(WSP)00006494v6 035 $a(Au-PeEL)EBL1193435 035 $a(CaPaEBR)ebr10698792 035 $a(CaONFJC)MIL191865 035 $a(OCoLC)714877387 035 $a(MiAaPQ)EBC1193435 035 $a(EXLCZ)991000000000408355 100 $a20060823d2007 uy 0 101 0 $aeng 135 $aurcuu---unuuu 181 $ctxt 182 $cc 183 $acr 200 00$aAdvances in geosciences$b[electronic resource] $hVolume 6$iHydrological science (HS) /$feditor-in-chief, Wing-Huen Ip; volume editor-in-chief, Namsik Park 210 $aHackensack, NJ $cWorld Scientific$dc2007 215 $a1 online resource (224 p.) 225 0 $aAdvances in geosciences ;$v6 300 $aDescription based upon print version of record. 311 $a981-270-985-1 320 $aIncludes bibliographical references. 327 $aCONTENTS; Stochastic Generation of Multi-Site Rainfall Occurrences Ratnasingham Srikanthan and Geoffrey G. S. Pegram; 1. Introduction; 2. Multi-Site Rainfall Occurrence Model; 2.1. Hidden covariance model; 3. Daily Rainfall Data; 4. Discussion of Results; 5. Conclusions; Acknowledgments; References; A Spatial-Temporal Downscaling Approach for Construction of Intensity-Duration-Frequency Curves in Consideration of GCM-Based Climate Change Scenarios Tan-Danh Nguyen, Van-Thanh-Van Nguyen and Philippe Gachon; 1. Introduction; 2. The Spatial-Temporal Downscaling Method 327 $a2.1. Spatial downscaling technique using SDSM 2.2. A temporal downscaling method using the scaling GEV distribution; 3. Numerical Application; 4. Conclusions; References; Development and Applications of the Advanced Regional Eta-Coordinate Numerical Heavy-Rain Prediction Model System in China Cui Chunguang, Li Jun and Shi Yan; 1. Development of Advanced Regional Eta Model; 2. Application of AREM in China; 2.1. Precipitation forecast experiments of different operational models; 2.2. Temporal and spatial evolvement forecast experiment of AREM 327 $a2.3. Simulation experiments of some important rain event 2.4. Data assimilation experiments based on AREM; 3. Considerations for Further Development; References; Method of Correcting Variance of Point Monthly Rainfall Directly Estimated Using Low Frequent Observations From Space Eiichi Nakakita, Syunsuke Okane and Lisako Konoshima; 1. Introduction; 2. Correction of the Variance of Point Monthly Rainfall; 2.1. Feasibility of correction; 2.2. Modeling the relationship between the sample variance of the monthly precipitation and the number of observations 327 $a3. Verification of the Model Equation of the Sample Variance 3.1. Verification using information from the ground-based radar; 3.2. Verification using information from the ground-based radar considering observation frequency of the TRMM/PR; 3.3. Validation using TRMM/PR observation; 4. Introducing Spatial Correlation and Estimation of Temporal and Spatial, Correlation Lengths; 5. Conclusions; Acknowledgments; References; Monte Carlo Simulation for Calculating Drought Characteristics Chavalit Chaleeraktrakoon and Supamit Noikumsin; 1. Introduction; 2. Simplified Monte Carlo Simulation Approach 327 $a3. Drought Characteristics 4. Assessment of the Simulation Approach; 4.1. Medium-scale system; 4.2. Large-scale system; 5. Summary and Conclusions; References; On Regional Estimation of Floods for Ungaged Sites Van-Thanh-Van Nguyen; 1. Introduction; 2. The Scaling Approach to Regional Estimation of Floods; 2.1. The scaling process; 2.2. The scaling GEV distribution; 3. Numerical Application; 3.1. Delineation of homogeneous regions; 3.2. Estimation of quantiles for ungaged sites; 4. Conclusions; References 327 $aDetermination of Confidence Limits for Model Estimation Using Resampling Techniques N. K. M. Nanseer, M. J. Hall and H. F. P. Van Den Boogaard 330 $aAdvances in Geosciences is the result of a concerted effort in bringing the latest results and planning activities related to earth and space science in Asia and the international arena. The Editors are all leading scientists in their research fields covering six sections: Hydrological Science (HS), Planetary Science (PS), Solar Terrestrial (ST), Solid Earth (SE), Ocean Science (OS) and Atmospheric Science (AS). The main purpose is to highlight the scientific issues essential to the study of earthquakes, tsunamis, atmospheric dust storms, climate change, drought, flood, typhoons, monsoons, spa 606 $aPlanetary meteorology 606 $aSpace environment 606 $aEarth sciences 606 $aSpace sciences 606 $aPlanetology 615 0$aPlanetary meteorology. 615 0$aSpace environment. 615 0$aEarth sciences. 615 0$aSpace sciences. 615 0$aPlanetology. 676 $a550.5 701 $aIp$b W.-H$0855808 701 $aPark$b Namsik$01521872 801 0$bMiAaPQ 801 1$bMiAaPQ 801 2$bMiAaPQ 906 $aBOOK 912 $a9910785098703321 996 $aAdvances in geosciences$93761309 997 $aUNINA LEADER 01952nam0 22004333i 450 001 VAN00164410 005 20240806101019.758 017 70$2N$a9783319248776 100 $a20210623d2016 |0itac50 ba 101 $aeng 102 $aCH 105 $a|||| ||||| 200 1 $aMarkov Chain Aggregation for Agent-Based Models$fSven Banisch 210 $aCham$cSpringer$d2016 215 $axiv, 195 p.$cill.$d24 cm 410 1$1001VAN00107732$12001 $aUnderstanding Complex Systems$1210 $aBerlin [etc.]$cSpringer$d2004- 500 1$3VAN00164411$aMarkov Chain Aggregation for Agent-Based Models$91808125 606 $a93-XX$xSystems theory; control [MSC 2020]$3VANC027040$2MF 606 $a93Bxx$xControllability, observability, and system structure [MSC 2020]$3VANC028642$2MF 606 $a93Exx$xStochastic systems and control [MSC 2020]$3VANC020004$2MF 610 $aAgent-based Modeling$9KW:K 610 $aContrarian Voter Model$9KW:K 610 $aDynamics of Complex Systems$9KW:K 610 $aLumpability and State-space Reduction$9KW:K 610 $aMarkov Processes$9KW:K 610 $aMicroscopic Markov Chains$9KW:K 610 $aScaling of Complex Dynamical Systems$9KW:K 610 $aVoter-like Models$9KW:K 620 $aCH$dCham$3VANL001889 700 1$aBanisch$bSven$3VANV148118$0805579 712 $aSpringer $3VANV108073$4650 801 $aIT$bSOL$c20241115$gRICA 856 4 $uhttp://doi.org/10.1007/978-3-319-24877-6$zE-book ? Accesso al full-text attraverso riconoscimento IP di Ateneo, proxy e/o Shibboleth 899 $aBIBLIOTECA DEL DIPARTIMENTO DI MATEMATICA E FISICA$1IT-CE0120$2VAN08 912 $fN 912 $aVAN00164410 950 $aBIBLIOTECA DEL DIPARTIMENTO DI MATEMATICA E FISICA$d08DLOAD e-book 2770 $e08eMF2770 20210623 996 $aMarkov Chain Aggregation for Agent-Based Models$91808125 997 $aUNICAMPANIA LEADER 00967nam a2200265 i 4500 001 991004415729307536 005 20260129113214.0 008 871222s2023 it e 000 0 ita c 020 $a9788838656330 040 $aBibl. Dip.le Aggr. Scienze Economia - Sez. Settore Economico 082 04$a330$223 240 00$aEconomics$94530772 245 00$aEconomia /$cPaul A. Samuelson, William D. Nordhaus, Carlo Andrea Bollino, Paolo Polinori. 250 $a22. ed. 260 $aMilano :$bMcGraw-Hill,$c2023. 300 $a719 p. ;$c26 cm. 500 $aRisorse aggiuntive disponili on-line. 650 7$aMacroeconomia.$2NSBNCF 700 1 $aSamuelson, Paul Anthony,$d1915-2009$4aut$03816 700 1 $aNordhaus, William D.$4aut.$eauthor$4http://id.loc.gov/vocabulary/relators/aut$0106474 700 1 $aBollino, Carlo Andrea.$4aut$0119927 700 1 $aPolinori, Paolo.$4aut$0359745 912 $a991004415729307536 996 $aEconomics$94530772 997 $aUNISALENTO